书目信息 |
| 题名: |
钢铁制品表面着色技术
|
|
| 作者: | 曹晓明 , 马瑞娜 , 杜安 编著 | |
| 分册: | ||
| 出版信息: | 北京 化学工业出版社 2007 |
|
| 页数: | ||
| 开本: | ||
| 丛书名: | ||
| 单 册: | ||
| 中图分类: | TF4 | |
| 科图分类: | ||
| 主题词: | 黑色金属冶金 | |
| 电子资源: | ||
| ISBN: | 978-7-5025-9746-7 | |
| 000 | 00612nam0 2200193 450 | |
| 001 | 0754114953 | |
| 005 | 20070929150154.95 | |
| 010 | @a978-7-5025-9746-7 | |
| 100 | @a20070929d km y0chiy0120 ea | |
| 101 | 0 | @achi |
| 200 | 1 | @a钢铁制品表面着色技术@Agang tie zhi pin biao mian zhe se ji shu@f马瑞娜,杜安,曹晓明 编著@Fma rui na,du an,cao xiao ming bian zhu |
| 210 | @a北京@c化学工业出版社@d2007 | |
| 606 | 0 | @a黑色金属冶金 |
| 690 | @aTF4@v3 | |
| 701 | 0 | @a曹晓明@Acao xiao ming@4编著 |
| 701 | 0 | @a马瑞娜@Ama rui na@4编著 |
| 701 | 0 | @a杜安@Adu an@4编著 |
| 801 | 0 | @aCN@bPFT@c20070929 |
| 905 | @a213230@dTF4@eh2@f1 | |
| 钢铁制品表面着色技术/马瑞娜,杜安,曹晓明 编著.-北京:化学工业出版社,2007 |
| ISBN 978-7-5025-9746-7: |
| ● |
| 相关链接 |
|
|
|
|
正题名:钢铁制品表面着色技术
索取号:TF4/h2
 
预约/预借
| 序号 | 登录号 | 条形码 | 馆藏地/架位号 | 状态 | 备注 |
| 1 | 6002338 | 260023389 | 密集书库-化学系/ [索取号:TF4/h2] | 在馆 | |
| 2 | 6002339 | 260023398 | 密集书库-化学系/ [索取号:TF4/h2] | 在馆 |